[Event "DSJ Weihnachtsturnier U16: Lasker 2020"]
[Site ""]
[Date "2020.12.28"]
[Round "3"]
[White "Hetzner, Hannes"]
[Black "Weihrauch, Jakob"]
[Result "1-0"]
[Termination "normal"]
[Board "3.1"]
[WhiteElo "1983"]
[BlackElo "2146"]
[WhiteTeam "SC Erlangen 48/88"]
[BlackTeam "Hamburger SK von 1830"]
[PlyCount "97"]
[WhiteFideId "16211936"]
[BlackFideId "16210115"]
[EventRounds "7"]
[EventType "team-swiss"]
[EventDate "2020.12.28"]

1. e4 {[%emt 0:00:10]} c5 {[%emt 0:00:06]} 2. Nf3 {[%emt 0:00:02]} d6 {[%emt
0:00:04]} 3. d4 {[%emt 0:00:02]} cxd4 {[%emt 0:00:00]} 4. Nxd4 {[%emt 0:00:01]}
Nf6 {[%emt 0:00:00]} 5. Nc3 {[%emt 0:00:01]} a6 {[%emt 0:00:08]} 6. h3 { [%emt
0:00:12]} e6 {[%emt 0:00:18]} 7. g4 {[%emt 0:00:04]} Nfd7 {[%emt 0:00:04] } 8.
g5 {[%emt 0:00:15]} Be7 {[%emt 0:00:07]} 9. h4 {[%emt 0:00:08]} Nc6 { [%emt
0:00:09]} 10. Be3 {[%emt 0:00:35]} Qc7 {[%emt 0:00:13]} 11. Qh5 {[%emt
0:01:01]} g6 {[%emt 0:01:15]} 12. Qe2 {[%emt 0:00:27]} Nxd4 {[%emt 0:00:38]}
13. Bxd4 {[%emt 0:00:04]} e5 {[%emt 0:00:01]} 14. Nd5 {[%emt 0:00:24]} Qd8 {
[%emt 0:00:05]} 15. Bc3 {[%emt 0:00:45]} b6 {[%emt 0:00:08]} 16. Bh3 {[%emt
0:00:19]} Bb7 {[%emt 0:00:10]} 17. Bxd7+ {[%emt 0:00:09]} Kxd7 {[%emt 0:00:04]}
18. O-O-O {[%emt 0:00:16]} Bxd5 {[%emt 0:00:07]} 19. Bxe5 {[%emt 0:00:29]} dxe5
{[%emt 0:01:05]} 20. Rxd5+ {[%emt 0:00:11]} Bd6 {[%emt 0:00:02]} 21. Rhd1 {
[%emt 0:00:09]} Qc7 {[%emt 0:00:03]} 22. Qd3 {[%emt 0:00:27]} Ke7 {[%emt
0:00:24]} 23. Rxd6 {[%emt 0:00:10]} Rhd8 {[%emt 0:00:03]} 24. Rxd8 {[%emt
0:00:12]} Rxd8 {[%emt 0:00:00]} 25. Qxd8+ {[%emt 0:00:01]} Qxd8 {[%emt
0:00:01]} 26. Rxd8 {[%emt 0:00:01]} Kxd8 {[%emt 0:00:00]} 27. Kd2 {[%emt
0:00:05]} Kd7 {[%emt 0:00:04]} 28. c4 {[%emt 0:00:02]} Kc7 {[%emt 0:00:08]} 29.
b4 {[%emt 0:00:01]} Kd6 {[%emt 0:00:04]} 30. Kc3 {[%emt 0:00:11]} Kc6 {[%emt
0:00:09]} 31. a4 { [%emt 0:00:10]} a5 {[%emt 0:00:06]} 32. Kb3 {[%emt 0:00:23]}
Kc7 {[%emt 0:00:48]} 33. c5 {[%emt 0:00:12]} bxc5 {[%emt 0:00:10]} 34. bxc5
{[%emt 0:00:24]} Kb7 {[%emt 0:00:07]} 35. Kc4 {[%emt 0:00:05]} Kc6 {[%emt
0:00:01]} 36. f3 { [%emt 0:00:01]} Kd7 {[%emt 0:00:05]} 37. Kd5 {[%emt
0:00:11]} Kc7 {[%emt 0:00:08]} 38. Kxe5 {[%emt 0:00:10]} Kc6 {[%emt 0:00:11]}
39. Kd4 {[%emt 0:00:01]} Kc7 {[%emt 0:00:01]} 40. Kd5 {[%emt 0:00:01]} Kd7
{[%emt 0:00:01]} 41. c6+ { [%emt 0:00:01]} Kc7 {[%emt 0:00:01]} 42. Kc5 {[%emt
0:00:03]} Kc8 {[%emt 0:00:01]} 43. Kd6 {[%emt 0:00:01]} Kd8 {[%emt 0:00:01]}
44. c7+ {[%emt 0:00:03]} Kc8 {[%emt 0:00:01]} 45. e5 {[%emt 0:00:01]} Kb7
{[%emt 0:00:04]} 46. Kd7 {[%emt 0:00:01]} Kb6 {[%emt 0:00:03]} 47. c8=Q {[%emt
0:00:03]} Ka7 {[%emt 0:00:01]} 48. Kc7 {[%emt 0:00:07]} f6 {[%emt 0:00:03]} 49.
Qb7# {[%emt 0:00:02]} 1-0

[Event "DSJ Weihnachtsturnier U16: Lasker 2020"]
[Site ""]
[Date "2020.12.28"]
[Round "3"]
[White "Garner, Isaac"]
[Black "Zeltner, Richard"]
[Result "1-0"]
[Termination "normal"]
[Board "3.2"]
[WhiteElo "2095"]
[BlackElo "1599"]
[WhiteTeam "Hamburger SK von 1830"]
[BlackTeam "SC Erlangen 48/88"]
[PlyCount "55"]
[WhiteFideId "16239261"]
[BlackFideId "12972703"]
[EventRounds "7"]
[EventType "team-swiss"]
[EventDate "2020.12.28"]

1. e4 {[%emt 0:00:05]} g6 {[%emt 0:00:02]} 2. d4 {[%emt 0:00:02]} Bg7 {[%emt
0:00:01]} 3. Nf3 {[%emt 0:00:02]} d6 {[%emt 0:00:01]} 4. Bc4 {[%emt 0:00:02]}
Nc6 {[%emt 0:00:06]} 5. c3 {[%emt 0:00:15]} e5 {[%emt 0:00:03]} 6. O-O {[%emt
0:00:12]} f5 {[%emt 0:00:16]} 7. exf5 {[%emt 0:00:52]} Bxf5 {[%emt 0:00:04]} 8.
Bxg8 {[%emt 0:01:03]} Rxg8 {[%emt 0:00:06]} 9. Qb3 {[%emt 0:00:01]} Rf8 {[%emt
0:00:17]} 10. Qxb7 {[%emt 0:00:02]} Rb8 {[%emt 0:00:06]} 11. Qxc6+ {[%emt
0:00:02]} Bd7 {[%emt 0:00:06]} 12. Qe4 {[%emt 0:00:07]} Bf5 {[%emt 0:00:10]}
13. Qe2 { [%emt 0:00:07]} Kd7 {[%emt 0:00:33]} 14. dxe5 {[%emt 0:00:03]} Re8
{[%emt 0:00:12]} 15. Bf4 {[%emt 0:00:05]} Bg4 {[%emt 0:00:06]} 16. Nbd2 {[%emt
0:00:06]} Bxe5 {[%emt 0:00:03]} 17. Bxe5 {[%emt 0:00:01]} Bxf3 {[%emt 0:01:04]}
18. Nxf3 {[%emt 0:00:03]} dxe5 {[%emt 0:00:01]} 19. Rad1+ {[%emt 0:00:03]} Ke7
{[%emt 0:00:03]} 20. Qxe5+ {[%emt 0:00:02]} Kf8 {[%emt 0:00:02]} 21. Qh8+
{[%emt 0:00:02]} Kf7 {[%emt 0:00:01]} 22. Qxh7+ {[%emt 0:00:01]} Kf6 {[%emt
0:00:01]} 23. Rxd8 {[%emt 0:00:02]} Rbxd8 {[%emt 0:00:02]} 24. Qxc7 {[%emt
0:00:01]} Kf5 { [%emt 0:00:28]} 25. Nd4+ {[%emt 0:00:05]} Kg5 {[%emt 0:00:05]}
26. g3 {[%emt 0:00:02]} Kg4 {[%emt 0:00:04]} 27. Qf4+ {[%emt 0:00:01]} Kh3
{[%emt 0:00:04]} 28. Qh4# {[%emt 0:00:01]} 1-0

[Event "DSJ Weihnachtsturnier U16: Lasker 2020"]
[Site ""]
[Date "2020.12.28"]
[Round "3"]
[White "Isbilir, Levin"]
[Black "von Krosigk, Florian"]
[Result "0-1"]
[Termination "normal"]
[Board "3.3"]
[WhiteElo "1325"]
[BlackElo "1941"]
[WhiteTeam "SC Erlangen 48/88"]
[BlackTeam "Hamburger SK von 1830"]
[PlyCount "142"]
[WhiteFideId "16267192"]
[BlackFideId "16227808"]
[EventRounds "7"]
[EventType "team-swiss"]
[EventDate "2020.12.28"]

1. e4 {[%emt 0:00:07]} c5 {[%emt 0:00:12]} 2. Nf3 {[%emt 0:00:03]} e6 {[%emt
0:00:05]} 3. d4 {[%emt 0:00:01]} cxd4 {[%emt 0:00:00]} 4. Nxd4 {[%emt 0:00:01]}
a6 {[%emt 0:00:00]} 5. Nc3 {[%emt 0:00:03]} Qc7 {[%emt 0:00:04]} 6. Qf3 { [%emt
0:00:02]} Nf6 {[%emt 0:00:20]} 7. Bg5 {[%emt 0:00:04]} Be7 {[%emt 0:00:07]} 8.
O-O-O {[%emt 0:00:03]} d6 {[%emt 0:00:44]} 9. Qg3 {[%emt 0:01:15]} Nbd7 {[%emt
0:00:33]} 10. f4 {[%emt 0:01:40]} b5 {[%emt 0:00:58]} 11. Bxf6 {[%emt 0:00:25]}
Nxf6 {[%emt 0:01:22]} 12. Be2 {[%emt 0:02:13]} b4 {[%emt 0:01:30]} 13. Nd5
{[%emt 0:01:12]} exd5 {[%emt 0:00:38]} 14. e5 {[%emt 0:00:04]} dxe5 { [%emt
0:00:54]} 15. fxe5 {[%emt 0:00:03]} Nd7 {[%emt 0:00:01]} 16. e6 {[%emt
0:00:17]} Qxg3 {[%emt 0:00:14]} 17. exd7+ {[%emt 0:00:04]} Bxd7 {[%emt
0:00:00]} 18. hxg3 {[%emt 0:00:03]} O-O {[%emt 0:00:31]} 19. Rh5 {[%emt
0:00:52]} Be6 { [%emt 0:01:28]} 20. Rdh1 {[%emt 0:00:18]} a5 {[%emt 0:00:38]}
21. Rxh7 { [%emt 0:00:34]} Bg5+ {[%emt 0:00:02]} 22. Kb1 {[%emt 0:00:02]} Bh6
{[%emt 0:00:00]} 23. Bd3 {[%emt 0:00:02]} Bg4 {[%emt 0:00:10]} 24. Rh4 {[%emt
0:00:32]} f5 {[%emt 0:00:09]} 25. R4xh6 {[%emt 0:00:19]} gxh6 {[%emt 0:00:02]}
26. Rxh6 { [%emt 0:00:02]} Kg7 {[%emt 0:00:01]} 27. Rd6 {[%emt 0:00:08]} Rfe8
{[%emt 0:00:01]} 28. b3 {[%emt 0:00:09]} a4 {[%emt 0:00:02]} 29. bxa4 {[%emt
0:00:06]} Rxa4 {[%emt 0:00:02]} 30. Rxd5 {[%emt 0:00:06]} Kg6 {[%emt 0:00:04]}
31. Rd6+ { [%emt 0:00:05]} Kg5 {[%emt 0:00:01]} 32. Ne6+ {[%emt 0:00:01]} Kf6
{[%emt 0:00:05]} 33. Nc5+ {[%emt 0:00:04]} Ke5 {[%emt 0:00:01]} 34. Nxa4 {[%emt
0:00:08]} Kxd6 {[%emt 0:00:02]} 35. Nb6 {[%emt 0:00:01]} Re1+ {[%emt 0:00:01]}
36. Kb2 { [%emt 0:00:02]} Kc5 {[%emt 0:00:00]} 37. Nc4 {[%emt 0:00:02]} Rg1
{[%emt 0:00:01]} 38. Ne3 {[%emt 0:00:03]} Re1 {[%emt 0:00:02]} 39. Nxg4 {[%emt
0:00:01]} fxg4 {[%emt 0:00:00]} 40. Bf5 {[%emt 0:00:01]} Rg1 {[%emt 0:00:00]}
41. Bxg4 { [%emt 0:00:01]} Rxg2 {[%emt 0:00:00]} 42. Bf3 {[%emt 0:00:03]} Rxg3
{[%emt 0:00:00]} 43. Bb7 {[%emt 0:00:01]} Ra3 {[%emt 0:00:02]} 44. Be4 {[%emt
0:00:02]} Rc3 {[%emt 0:00:01]} 45. Bd3 {[%emt 0:00:01]} Kd4 {[%emt 0:00:00]}
46. Kb1 { [%emt 0:00:01]} Ke3 {[%emt 0:00:00]} 47. Kb2 {[%emt 0:00:01]} Kd2
{[%emt 0:00:01]} 48. Kb1 {[%emt 0:00:02]} Ra3 {[%emt 0:00:01]} 49. Kb2 {[%emt
0:00:01]} Rc3 {[%emt 0:00:01]} 50. Kb1 {[%emt 0:00:01]} Rc5 {[%emt 0:00:00]}
51. Kb2 { [%emt 0:00:01]} Rg5 {[%emt 0:00:00]} 52. Kb1 {[%emt 0:00:02]} Rg1+
{[%emt 0:00:00]} 53. Kb2 {[%emt 0:00:01]} Rc1 {[%emt 0:00:01]} 54. Kb3 {[%emt
0:00:02]} Rb1+ {[%emt 0:00:01]} 55. Ka4 {[%emt 0:00:03]} Kc3 {[%emt 0:00:01]}
56. a3 { [%emt 0:00:05]} Ra1 {[%emt 0:00:02]} 57. Kb5 {[%emt 0:00:08]} bxa3
{[%emt 0:00:03]} 58. Ka4 {[%emt 0:00:01]} Kb2 {[%emt 0:00:01]} 59. c4 {[%emt
0:00:02]} Rg1 {[%emt 0:00:01]} 60. c5 {[%emt 0:00:04]} a2 {[%emt 0:00:01]} 61.
Kb5 {[%emt 0:00:01]} a1=Q {[%emt 0:00:00]} 62. Kb6 {[%emt 0:00:02]} Rg5 {[%emt
0:00:01]} 63. c6 {[%emt 0:00:02]} Qa3 {[%emt 0:00:00]} 64. Kb7 {[%emt 0:00:02]}
Qc5 {[%emt 0:00:00]} 65. c7 {[%emt 0:00:01]} Rg7 {[%emt 0:00:01]} 66. Bc4
{[%emt 0:00:02]} Qxc7+ {[%emt 0:00:02]} 67. Ka6 {[%emt 0:00:01]} Qxc4+ {[%emt
0:00:01]} 68. Ka5 {[%emt 0:00:01]} Ra7+ {[%emt 0:00:04]} 69. Kb6 {[%emt
0:00:01]} Ra6+ {[%emt 0:00:00]} 70. Kb7 {[%emt 0:00:01]} Qc6+ {[%emt 0:00:01]}
71. Kb8 {[%emt 0:00:01]} Ra8# {[%emt 0:00:00]} 0-1

[Event "DSJ Weihnachtsturnier U16: Lasker 2020"]
[Site ""]
[Date "2020.12.28"]
[Round "3"]
[White "Huo, Da"]
[Black "Wu, Wilfried"]
[Result "1-0"]
[Termination "normal"]
[Board "3.4"]
[WhiteElo "1918"]
[BlackElo "1461"]
[WhiteTeam "Hamburger SK von 1830"]
[BlackTeam "SC Erlangen 48/88"]
[PlyCount "34"]
[WhiteFideId "16221206"]
[BlackFideId "16260775"]
[EventRounds "7"]
[EventType "team-swiss"]
[EventDate "2020.12.28"]

1. e4 {[%emt 0:00:03]} e5 {[%emt 0:00:11]} 2. Nf3 {[%emt 0:00:05]} Nc6 { [%emt
0:00:02]} 3. Bb5 {[%emt 0:00:12]} a6 {[%emt 0:00:07]} 4. Ba4 {[%emt 0:00:04]}
Nf6 {[%emt 0:00:10]} 5. O-O {[%emt 0:00:07]} b5 {[%emt 0:00:35]} 6. Bb3 { [%emt
0:00:07]} Bc5 {[%emt 0:00:15]} 7. c3 {[%emt 0:00:26]} O-O {[%emt 0:00:18] } 8.
d4 {[%emt 0:00:08]} exd4 {[%emt 0:00:14]} 9. cxd4 {[%emt 0:00:00]} Ba7 { [%emt
0:00:17]} 10. e5 {[%emt 0:00:10]} Ne8 {[%emt 0:01:57]} 11. Bg5 {[%emt 0:00:29]}
Ne7 {[%emt 0:00:03]} 12. Nh4 {[%emt 0:01:35]} g6 {[%emt 0:02:21]} 13. Qf3
{[%emt 0:00:49]} c6 {[%emt 0:00:40]} 14. Bh6 {[%emt 0:00:13]} Ng7 {[%emt
0:00:04]} 15. Qf6 {[%emt 0:00:08]} Nef5 {[%emt 0:00:07]} 16. Nxf5 {[%emt
0:01:17] } Nxf5 {[%emt 0:00:21]} 17. Bxf7+ {[%emt 0:00:16]} Rxf7 {[%emt
0:00:25]} 1-0

[Event "DSJ Weihnachtsturnier U16: Lasker 2020"]
[Site ""]
[Date "2020.12.28"]
[Round "3"]
[White "Fuhrmann, Bahne"]
[Black "Blome, Johannes"]
[Result "0-1"]
[Termination "normal"]
[Board "4.1"]
[WhiteElo "1849"]
[BlackElo "1849"]
[WhiteTeam "Hamburger SK von 1830 2"]
[BlackTeam "Hamburger SK von 1830 3"]
[PlyCount "72"]
[WhiteFideId "16244842"]
[BlackFideId "16233972"]
[EventRounds "7"]
[EventType "team-swiss"]
[EventDate "2020.12.28"]

1. e4 {[%emt 0:00:08]} c5 {[%emt 0:00:02]} 2. Nf3 {[%emt 0:00:03]} e6 {[%emt
0:00:03]} 3. d3 {[%emt 0:00:04]} Nc6 {[%emt 0:00:06]} 4. Nbd2 {[%emt 0:00:03]}
d5 {[%emt 0:00:36]} 5. g3 {[%emt 0:00:05]} Nf6 {[%emt 0:00:08]} 6. Bg2 {[%emt
0:00:03]} Be7 {[%emt 0:00:11]} 7. O-O {[%emt 0:00:03]} O-O {[%emt 0:00:03]} 8.
Re1 {[%emt 0:00:01]} Qc7 {[%emt 0:00:38]} 9. Nf1 {[%emt 0:00:08]} b5 {[%emt
0:00:07]} 10. e5 {[%emt 0:00:04]} Nd7 {[%emt 0:00:10]} 11. Bf4 {[%emt 0:00:04]}
a5 {[%emt 0:00:13]} 12. Ne3 {[%emt 0:00:10]} Bb7 {[%emt 0:00:22]} 13. Ng4 {
[%emt 0:00:05]} Rfe8 {[%emt 0:00:31]} 14. h4 {[%emt 0:00:05]} Bf8 {[%emt
0:00:03]} 15. h5 {[%emt 0:00:08]} h6 {[%emt 0:00:09]} 16. Qd2 {[%emt 0:00:44]}
Kh7 { [%emt 0:00:04]} 17. Nh4 {[%emt 0:01:31]} b4 {[%emt 0:00:38]} 18. c3
{[%emt 0:00:20]} Qb6 {[%emt 0:00:25]} 19. c4 {[%emt 0:00:55]} Nd4 {[%emt
0:00:39]} 20. b3 {[%emt 0:00:20]} a4 {[%emt 0:00:38]} 21. Rab1 {[%emt 0:00:34]}
axb3 { [%emt 0:00:08]} 22. axb3 {[%emt 0:00:00]} Ra3 {[%emt 0:00:05]} 23. Nh2 {
[%emt 0:00:25]} Nxb3 {[%emt 0:00:29]} 24. Rxb3 {[%emt 0:00:34]} Rxb3 {[%emt
0:00:06]} 25. g4 {[%emt 0:00:03]} d4 {[%emt 0:00:20]} 26. g5 {[%emt 0:00:08]}
Bxg2 {[%emt 0:00:03]} 27. Kxg2 {[%emt 0:00:30]} Qb7+ {[%emt 0:00:06]} 28. Kh3 {
[%emt 0:00:28]} hxg5 {[%emt 0:00:29]} 29. Bxg5 {[%emt 0:00:07]} Nxe5 {[%emt
0:00:45]} 30. Rxe5 {[%emt 0:00:21]} f6 {[%emt 0:00:10]} 31. Re1 {[%emt
0:01:17]} fxg5 {[%emt 0:00:11]} 32. Qxg5 {[%emt 0:00:00]} Rxd3+ {[%emt
0:00:07]} 33. f3 { [%emt 0:00:09]} Qf7 {[%emt 0:00:04]} 34. Ng4 {[%emt
0:00:26]} Rxf3+ {[%emt 0:01:36]} 35. Nxf3 {[%emt 0:00:04]} Qxf3+ {[%emt
0:00:01]} 36. Kh4 {[%emt 0:00:03]} Be7 {[%emt 0:00:02]} 0-1

[Event "DSJ Weihnachtsturnier U16: Lasker 2020"]
[Site ""]
[Date "2020.12.28"]
[Round "3"]
[White "Christensen, John Christopher"]
[Black "Kort, Felix"]
[Result "1-0"]
[Termination "normal"]
[Board "4.2"]
[WhiteElo "1925"]
[BlackElo "1850"]
[WhiteTeam "Hamburger SK von 1830 3"]
[BlackTeam "Hamburger SK von 1830 2"]
[PlyCount "74"]
[WhiteFideId "1453947"]
[BlackFideId "16220129"]
[EventRounds "7"]
[EventType "team-swiss"]
[EventDate "2020.12.28"]

1. e4 {[%emt 0:00:04] HSK04-002 kibitzing!? HSK04-002 reconnected.} e5 { [%emt
0:00:59]} 2. Nf3 {[%emt 0:00:09]} Nc6 {[%emt 0:00:05]} 3. Bc4 {[%emt 0:00:02]}
Bc5 {[%emt 0:00:05]} 4. b4 {[%emt 0:00:12]} Bxb4 {[%emt 0:00:04]} 5. c3 {[%emt
0:00:02]} Be7 {[%emt 0:00:02]} 6. d4 {[%emt 0:00:04]} exd4 {[%emt 0:00:08]} 7.
O-O {[%emt 0:00:06]} Nf6 {[%emt 0:00:06]} 8. e5 {[%emt 0:00:05]} d5 { [%emt
0:00:33]} 9. exf6 {[%emt 0:00:07]} Bxf6 {[%emt 0:00:02]} 10. Re1+ { [%emt
0:00:04]} Be6 {[%emt 0:00:03]} 11. Bb5 {[%emt 0:00:06]} dxc3 {[%emt 0:00:13]}
12. Bxc6+ {[%emt 0:00:15]} bxc6 {[%emt 0:00:00]} 13. Ne5 {[%emt 0:00:18]} Qd6
{[%emt 0:00:28]} 14. Bf4 {[%emt 0:01:17]} Qc5 {[%emt 0:00:21]} 15. Qc2 { [%emt
0:02:11]} d4 {[%emt 0:00:40]} 16. Nd3 {[%emt 0:00:15]} Qa5 {[%emt 0:01:30]} 17.
Be5 {[%emt 0:01:06]} Bxe5 {[%emt 0:02:50]} 18. Rxe5 {[%emt 0:00:00]} Qb6 {[%emt
0:00:31]} 19. a4 {[%emt 0:01:46]} O-O {[%emt 0:00:31]} 20. a5 { [%emt 0:00:09]}
Bb3 {[%emt 0:00:42]} 21. Qc1 {[%emt 0:00:25]} Qb8 {[%emt 0:00:09]} 22. Nc5
{[%emt 0:00:18]} Be6 {[%emt 0:00:12]} 23. Na3 {[%emt 0:00:35]} Qc8 {[%emt
0:00:08]} 24. Nxe6 {[%emt 0:00:40]} fxe6 {[%emt 0:00:00]} 25. Nc4 { [%emt
0:00:02]} Qd7 {[%emt 0:00:02]} 26. Qc2 {[%emt 0:00:08]} Rab8 {[%emt 0:00:03]}
27. Rd1 {[%emt 0:00:09]} Rb4 {[%emt 0:00:06]} 28. Qd3 {[%emt 0:00:05]} Rd8
{[%emt 0:00:09]} 29. g3 {[%emt 0:00:08]} Qf7 {[%emt 0:00:04]} 30. Rde1 { [%emt
0:00:04]} Re8 {[%emt 0:00:04]} 31. f4 {[%emt 0:00:01]} Qd7 {[%emt 0:00:02]} 32.
R5e4 {[%emt 0:00:02]} Qd5 {[%emt 0:00:02]} 33. Re5 {[%emt 0:00:03]} Qxc4 {[%emt
0:00:01]} 34. Qe4 {[%emt 0:00:03]} c2 {[%emt 0:00:01]} 35. Rc1 { [%emt
0:00:03]} Qc3 {[%emt 0:00:04]} 36. Rxe6 {[%emt 0:00:03]} Rd8 {[%emt 0:00:02]}
37. Re8+ {[%emt 0:00:01]} Rxe8 {[%emt 0:00:05]} 1-0

[Event "DSJ Weihnachtsturnier U16: Lasker 2020"]
[Site ""]
[Date "2020.12.28"]
[Round "3"]
[White "Genov, Valentin"]
[Black "Grabbel, Torben Frederik"]
[Result "0-1"]
[Termination "normal"]
[Board "4.3"]
[WhiteTitle "CM"]
[WhiteElo "1826"]
[BlackElo "1636"]
[WhiteTeam "Hamburger SK von 1830 2"]
[BlackTeam "Hamburger SK von 1830 3"]
[PlyCount "104"]
[WhiteFideId "2919745"]
[BlackFideId "16219180"]
[EventRounds "7"]
[EventType "team-swiss"]
[EventDate "2020.12.28"]

1. d4 {[%emt 0:00:04]} d5 {[%emt 0:00:11]} 2. c4 {[%emt 0:00:04]} c6 {[%emt
0:00:01]} 3. Nc3 {[%emt 0:00:02]} Nf6 {[%emt 0:00:01]} 4. Nf3 {[%emt 0:00:01]}
e6 {[%emt 0:00:01]} 5. cxd5 {[%emt 0:00:04]} exd5 {[%emt 0:00:06]} 6. Bg5 {
[%emt 0:00:13]} Be7 {[%emt 0:00:04]} 7. e3 {[%emt 0:00:05]} Bf5 {[%emt 0:00:02]
} 8. Bd3 {[%emt 0:00:58]} Bg6 {[%emt 0:00:14]} 9. O-O {[%emt 0:00:16]} Nbd7 {
[%emt 0:00:02]} 10. Rb1 {[%emt 0:00:19]} O-O {[%emt 0:00:06]} 11. Bxg6 { [%emt
0:00:17]} fxg6 {[%emt 0:00:15]} 12. Na4 {[%emt 0:00:37]} Ne4 {[%emt 0:00:45]}
13. Bxe7 {[%emt 0:00:04]} Qxe7 {[%emt 0:00:03]} 14. Qc2 {[%emt 0:01:19]} g5
{[%emt 0:00:49]} 15. b4 {[%emt 0:00:30]} a6 {[%emt 0:00:12]} 16. Nc5 { [%emt
0:00:16]} Ndxc5 {[%emt 0:00:15]} 17. bxc5 {[%emt 0:00:04]} g4 {[%emt 0:00:03]}
18. Nd2 {[%emt 0:00:34]} Nxd2 {[%emt 0:00:06]} 19. Qxd2 {[%emt 0:00:02] } Rf6
{[%emt 0:00:09]} 20. Rb6 {[%emt 0:00:02]} Rh6 {[%emt 0:00:04]} 21. g3 { [%emt
0:00:10]} Qf7 {[%emt 0:00:15]} 22. f3 {[%emt 0:00:13]} gxf3 {[%emt 0:00:27]}
23. Rfb1 {[%emt 0:00:14]} Rf8 {[%emt 0:00:15]} 24. Qf2 {[%emt 0:00:04]} Rb8
{[%emt 0:00:13]} 25. a4 {[%emt 0:00:05]} Re6 {[%emt 0:00:10]} 26. a5 { [%emt
0:00:03]} Qe7 {[%emt 0:00:09]} 27. R1b3 {[%emt 0:00:09]} Rf6 {[%emt 0:00:13]}
28. h4 {[%emt 0:00:39]} Rf7 {[%emt 0:00:06]} 29. Rb2 {[%emt 0:00:07]} Qe4
{[%emt 0:00:13]} 30. Rxc6 {[%emt 0:00:20]} bxc6 {[%emt 0:00:23]} 31. Rxb8+ {
[%emt 0:00:03]} Rf8 {[%emt 0:00:02]} 32. Rb6 {[%emt 0:00:14]} Qd3 {[%emt
0:00:07]} 33. Rxc6 {[%emt 0:00:11]} Qd1+ {[%emt 0:00:04]} 34. Qf1 {[%emt
0:00:02]} f2+ {[%emt 0:00:06]} 35. Kg2 {[%emt 0:00:05]} Qf3+ {[%emt 0:00:13]}
36. Kh2 { [%emt 0:00:02]} Qxe3 {[%emt 0:00:06]} 37. Rb6 {[%emt 0:00:17]} Qxd4
{[%emt 0:00:04]} 38. Rxa6 {[%emt 0:00:09]} Qxc5 {[%emt 0:00:05]} 39. Re6 {[%emt
0:00:13] } d4 {[%emt 0:00:16]} 40. a6 {[%emt 0:00:07]} d3 {[%emt 0:00:07]} 41.
a7 { [%emt 0:00:32]} Qxa7 {[%emt 0:00:09]} 42. Rd6 {[%emt 0:00:02]} Qe3 {[%emt
0:00:10]} 43. Kg2 {[%emt 0:00:14]} Qf3+ {[%emt 0:00:22]} 44. Kh2 {[%emt
0:00:09]} Qe3 {[%emt 0:00:25]} 45. Kg2 {[%emt 0:00:03]} d2 {[%emt 0:00:10]} 46.
Qc4+ { [%emt 0:00:22]} Kh8 {[%emt 0:00:03]} 47. Qf1 {[%emt 0:00:42]} Qf3+
{[%emt 0:00:06]} 48. Kh2 {[%emt 0:00:04]} d1=Q {[%emt 0:00:08]} 49. Rxd1 {[%emt
0:00:01]} Qxd1 {[%emt 0:00:05]} 50. Qxd1 {[%emt 0:00:00]} f1=Q {[%emt 0:00:02]}
51. Qxf1 {[%emt 0:00:01]} Rxf1 {[%emt 0:00:04]} 52. Kg2 {[%emt 0:00:01]} Ra1
{[%emt 0:00:02]} 0-1

[Event "DSJ Weihnachtsturnier U16: Lasker 2020"]
[Site ""]
[Date "2020.12.28"]
[Round "3"]
[White "Reyes-Mantilla, Andrés Mauricio"]
[Black "Müller, Linus"]
[Result "1-0"]
[Termination "normal"]
[Board "4.4"]
[WhiteElo "1564"]
[BlackElo "1578"]
[WhiteTeam "Hamburger SK von 1830 3"]
[BlackTeam "Hamburger SK von 1830 2"]
[PlyCount "65"]
[WhiteFideId "4467248"]
[BlackFideId "16245946"]
[EventRounds "7"]
[EventType "team-swiss"]
[EventDate "2020.12.28"]

1. d4 {[%emt 0:00:10]} Nf6 {[%emt 0:00:03]} 2. Nf3 {[%emt 0:00:01]} e6 { [%emt
0:00:02]} 3. c4 {[%emt 0:00:02]} b6 {[%emt 0:00:02]} 4. g3 {[%emt 0:00:02]} Bb7
{[%emt 0:00:02]} 5. Bg2 {[%emt 0:00:01]} d5 {[%emt 0:00:04]} 6. Ne5 { [%emt
0:00:04]} Nbd7 {[%emt 0:00:19]} 7. O-O {[%emt 0:00:15]} c5 {[%emt 0:00:08]} 8.
Nxd7 {[%emt 0:00:25]} Qxd7 {[%emt 0:00:07]} 9. dxc5 {[%emt 0:00:09]} Bxc5
{[%emt 0:00:02]} 10. Bg5 {[%emt 0:00:38]} Be7 {[%emt 0:00:30]} 11. Nc3 { [%emt
0:00:09]} Rd8 {[%emt 0:00:11]} 12. Bxf6 {[%emt 0:01:51]} Bxf6 {[%emt 0:00:06]}
13. cxd5 {[%emt 0:00:02]} Bxd5 {[%emt 0:00:08]} 14. Nxd5 {[%emt 0:00:03]} exd5
{[%emt 0:00:02]} 15. Qb3 {[%emt 0:00:04]} O-O {[%emt 0:00:14]} 16. Rfd1 {[%emt
0:00:04]} d4 {[%emt 0:00:04]} 17. Rac1 {[%emt 0:00:05]} Rfe8 { [%emt 0:00:07]}
18. Bc6 {[%emt 0:00:09]} Qe7 {[%emt 0:00:33]} 19. Bxe8 { [%emt 0:00:03]} Qxe8
{[%emt 0:00:01]} 20. Qd3 {[%emt 0:00:09]} Rd7 {[%emt 0:00:10]} 21. Rc4 {[%emt
0:00:16]} Qd8 {[%emt 0:00:13]} 22. Rdc1 {[%emt 0:00:07]} Qe8 {[%emt 0:00:02]}
23. Rc7 {[%emt 0:00:48]} Rxc7 {[%emt 0:00:06]} 24. Rxc7 { [%emt 0:00:00]} a5
{[%emt 0:00:24]} 25. a4 {[%emt 0:00:07]} g6 {[%emt 0:00:08]} 26. Qc2 {[%emt
0:00:04]} Qe5 {[%emt 0:00:36]} 27. Qc4 {[%emt 0:00:39]} Qe6 { [%emt 0:00:42]}
28. Qxe6 {[%emt 0:00:11]} fxe6 {[%emt 0:00:00]} 29. Rc6 { [%emt 0:00:01]} Be7
{[%emt 0:00:16]} 30. Rxb6 {[%emt 0:00:24]} e5 {[%emt 0:01:09]} 31. Re6 {[%emt
0:01:23]} Kf7 {[%emt 0:00:09]} 32. Rxe5 {[%emt 0:00:02]} Bb4 {[%emt 0:00:02]}
33. Rd5 {[%emt 0:00:07]} 1-0